| 000 | 00396nam a2200169Ia 4500 | ||
|---|---|---|---|
| 008 | 230524s9999 xx 000 0 und d | ||
| 020 | _a0670882712 | ||
| 082 |
_a406.3 _bKAL |
||
| 100 | _aAPJ Abdul Kalam | ||
| 245 | 0 | _aIndia 2020 | |
| 250 | _a1ST | ||
| 260 |
_aNEW DELHI _bViking _c1998 |
||
| 300 | _aXVI;312 | ||
| 500 | _aQuantity Number: 3 | ||
| 650 |
_aMiscellaneous _91877 |
||
| 942 | _cBK | ||
| 999 |
_c14294 _d14294 |
||